The catcher in the rye
Saved in:
| 主要作者: | |
|---|---|
| 格式: | 圖書 |
| 語言: | 英语 |
| 出版: |
Boston
Barronïs Educational
1984
|
| 主題: | |
| 標簽: |
添加標簽
沒有標簽, 成為第一個標記此記錄!
|
MARC
| LEADER | 00000nam a2200000 a 4500 | ||
|---|---|---|---|
| 001 | UCI1378 | ||
| 003 | CL-VaPUC | ||
| 008 | 070629e19840000US |||||||||||||||||eng|d | ||
| 020 | |a 0812034074 | ||
| 082 | 0 | 4 | |a 813 |b SAL |2 21 |
| 100 | 0 | |a Salinger, Jerome David |e author |9 521857 | |
| 245 | 1 | 4 | |a The catcher in the rye |
| 300 | |a 90 p | ||
| 942 | |c BK | ||
| 945 | |d 20070629 00:00:00 |a jtorresc | ||
| 260 | |a Boston |b Barronïs Educational |c 1984 | ||
| 650 | 0 | |a Novelas estadounidenses |9 265217 | |
| 583 | |a last modification |c 20070629 00:00:00 |k Rodrigo Vera | ||
| 999 | |c 326205 |d 326203 | ||
| 952 | |0 0 |1 0 |4 0 |6 813_000000000000000_SAL_1984 |7 0 |8 A |9 407968 |a BIBEDU |b BIBEDU |d 2019-11-22 |i 4278267 |l 3 |o 813 SAL 1984 |p 4278267 |r 2024-04-17 |s 2024-04-17 |w 2019-11-22 |y BK |k LIT | ||